Selendang Hitam

Bibliographic Details
Main Author: Mohammad Bin Harun
Format: Book
Published: Shah Alam : Eddiplex Sdn Bhd , 1997
Subjects:

MARC

LEADER 00000cam a2200000 7i4500
001 0000023942
005 20031031.0
008 030925s1997
020 |a 9838803219 
090 0 0 |a J 499.2386 SIR 
100 0 |a Mohammad Bin Harun 
245 0 0 |a Selendang Hitam   |c Mohammad Bin Harun 
260 |a Shah Alam :   |b Eddiplex Sdn Bhd ,   |c 1997 
300 |a 24 p, :   |b col.ill. ;   |c 21 cm. 
650 0 0 |a Malay Language 
999 |a 65976   |b Buku   |c Koleksi Pinjaman Kanak-Kanak   |e Perbadanan Perpustakaan Awam Melaka 
999 |a 65978   |b Buku   |c Koleksi Pinjaman Kanak-Kanak   |e Perbadanan Perpustakaan Awam Melaka 
999 |a 65992   |b Buku   |c Koleksi Pinjaman Kanak-Kanak   |e Perpustakaan Cawangan Jasin 
999 |a 65993   |b Buku   |c Koleksi Pinjaman Kanak-Kanak   |e Perbadanan Perpustakaan Awam Melaka